[Event "ODJM C 2023"]
[Site "Willingen GER"]
[Date "2023.05.31"]
[Round "5"]
[White "Liu, Kairui"]
[Black "Tarasenko, Ruslan"]
[Result "0-1"]
[Termination "normal"]
[Board "17"]
[WhiteElo "1024"]
[BlackElo "1087"]
[WhiteClock "01:00:11"]
[BlackClock "01:37:31"]
[PlyCount "154"]
[WhiteFideId "34660534"]
[BlackFideId "34166343"]
[EventCountry "GER"]
[EventRounds "9"]
[EventType "swiss"]
[EventDate "2023.05.27"]

1. e4 {[%clk 01:30:59]} {[%emt 00:00:01]} e5 {[%clk 01:30:56]} {[%emt
00:00:04]} 2. Nf3 {[%clk 01:31:22]} {[%emt 00:00:06]} Nc6 {[%clk 01:31:24]}
{[%emt 00:00:03]} 3. Bc4 {[%clk 01:31:45]} {[%emt 00:00:07]} Nf6 {[%clk
01:31:50]} {[%emt 00:00:04]} 4. Ng5 {[%clk 01:32:09]} {[%emt 00:00:07]} d5
{[%clk 01:32:14]} {[%emt 00:00:05]} 5. exd5 {[%clk 01:32:31]} {[%emt 00:00:07]}
Na5 {[%clk 01:32:39]} {[%emt 00:00:06]} 6. Bb5+ {[%clk 01:32:55]} {[%emt
00:00:06]} c6 {[%clk 01:33:03]} {[%emt 00:00:05]} 7. dxc6 {[%clk 01:33:14]}
{[%emt 00:00:10]} bxc6 {[%clk 01:33:30]} {[%emt 00:00:05]} 8. Be2 {[%clk
01:33:30]} {[%emt 00:00:14]} h6 {[%clk 01:33:52]} {[%emt 00:00:07]} 9. Nf3
{[%clk 01:33:46]} {[%emt 00:00:14]} e4 {[%clk 01:34:03]} {[%emt 00:00:20]} 10.
Ne5 {[%clk 01:33:47]} {[%emt 00:00:28]} Bd6 {[%clk 01:33:50]} {[%emt 00:00:42]}
11. d4 {[%clk 01:33:56]} {[%emt 00:00:23]} exd3 {[%clk 01:33:47]} {[%emt
00:00:32]} 12. Nxd3 {[%clk 01:34:16]} {[%emt 00:00:10]} O-O {[%clk 01:34:11]}
{[%emt 00:00:05]} 13. O-O {[%clk 01:34:21]} {[%emt 00:00:25]} c5 {[%clk
01:34:37]} {[%emt 00:00:05]} 14. b3 {[%clk 01:34:18]} {[%emt 00:00:33]} Bb7
{[%clk 01:34:41]} {[%emt 00:00:25]} 15. Bf3 {[%clk 01:33:33]} {[%emt 00:01:15]}
Nc6 {[%clk 01:33:48]} {[%emt 00:01:23]} 16. Bf4 {[%clk 01:33:05]} {[%emt
00:00:58]} Rc8 {[%clk 01:32:52]} {[%emt 00:01:26]} 17. Nc3 {[%clk 01:32:10]}
{[%emt 00:01:25]} Ba6 {[%clk 01:31:19]} {[%emt 00:02:03]} 18. Bxd6 {[%clk
01:32:04]} {[%emt 00:00:35]} Qxd6 {[%clk 01:31:34]} {[%emt 00:00:15]} 19. Re1
{[%clk 01:30:37]} {[%emt 00:01:57]} Nd4 {[%clk 01:31:42]} {[%emt 00:00:22]} 20.
Nb2 {[%clk 01:29:58]} {[%emt 00:01:10]} Nxf3+ {[%clk 01:31:29]} {[%emt
00:00:43]} 21. Qxf3 {[%clk 01:29:51]} {[%emt 00:00:37]} Qb6 {[%clk 01:31:13]}
{[%emt 00:00:46]} 22. Nca4 {[%clk 01:26:50]} {[%emt 00:03:31]} Qc7 {[%clk
01:30:17]} {[%emt 00:01:25]} 23. Re3 {[%clk 01:25:48]} {[%emt 00:01:33]} Bb7
{[%clk 01:29:55]} {[%emt 00:00:52]} 24. Qg3 {[%clk 01:25:33]} {[%emt 00:00:44]}
Nd5 {[%clk 01:29:56]} {[%emt 00:00:29]} 25. Qxc7 {[%clk 01:25:31]} {[%emt
00:00:26]} Rxc7 {[%clk 01:30:24]} {[%emt 00:00:09]} 26. Ree1 {[%clk 01:24:28]}
{[%emt 00:01:32]} Nf4 {[%clk 01:30:06]} {[%emt 00:00:47]} 27. f3 {[%clk
01:24:13]} {[%emt 00:00:46]} Rc6 {[%clk 01:29:58]} {[%emt 00:00:38]} 28. Re4
{[%clk 01:22:55]} {[%emt 00:01:47]} Rf6 {[%clk 01:29:19]} {[%emt 00:01:09]} 29.
Rc4 {[%clk 01:21:55]} {[%emt 00:01:31]} Bd5 {[%clk 01:29:23]} {[%emt 00:00:26]}
30. Rxc5 {[%clk 01:20:07]} {[%emt 00:02:18]} Rg6 {[%clk 01:29:45]} {[%emt
00:00:08]} 31. Kf1 {[%clk 01:18:40]} {[%emt 00:01:57]} Rxg2 {[%clk 01:29:50]}
{[%emt 00:00:25]} 32. Rxd5 {[%clk 01:17:18]} {[%emt 00:01:52]} Rxh2 {[%clk
01:30:12]} {[%emt 00:00:08]} 33. Rad1 {[%clk 01:12:52]} {[%emt 00:04:57]} Nxd5
{[%clk 01:29:46]} {[%emt 00:00:56]} 34. Rxd5 {[%clk 01:13:03]} {[%emt
00:00:19]} Rxc2 {[%clk 01:30:06]} {[%emt 00:00:10]} 35. b4 {[%clk 01:11:26]}
{[%emt 00:02:07]} Rb8 {[%clk 01:30:23]} {[%emt 00:00:14]} 36. b5 {[%clk
01:10:55]} {[%emt 00:01:01]} Rc1+ {[%clk 01:30:49]} {[%emt 00:00:04]} 37. Kf2
{[%clk 01:10:22]} {[%emt 00:01:04]} Ra1 {[%clk 01:31:09]} {[%emt 00:00:11]} 38.
Nc3 {[%clk 01:09:53]} {[%emt 00:00:58]} a6 {[%clk 01:31:17]} {[%emt 00:00:22]}
39. a4 {[%clk 01:04:19]} {[%emt 00:06:04]} Rc1 {[%clk 01:31:02]} {[%emt
00:00:45]} 40. Ne2 {[%clk 01:00:00]} {[%emt 00:04:48]} Rb1 {[%clk 01:31:13]}
{[%emt 00:00:19]} 41. bxa6 {[%clk 00:57:49]} {[%emt 00:02:42]} R1xb2 {[%clk
01:31:17]} {[%emt 00:00:27]} 42. a7 {[%clk 00:57:31]} {[%emt 00:00:47]} Ra8
{[%clk 01:31:03]} {[%emt 00:00:44]} 43. Rd7 {[%clk 00:57:17]} {[%emt 00:00:44]}
Ra2 {[%clk 01:31:10]} {[%emt 00:00:23]} 44. Rb7 {[%clk 00:55:56]} {[%emt
00:01:52]} Kh7 {[%clk 01:31:28]} {[%emt 00:00:12]} 45. Rxf7 {[%clk 00:56:04]}
{[%emt 00:00:21]} Rxa4 {[%clk 01:31:39]} {[%emt 00:00:19]} 46. Nf4 {[%clk
00:55:40]} {[%emt 00:00:54]} R4xa7 {[%clk 01:31:42]} {[%emt 00:00:28]} 47. Rf5
{[%clk 00:55:31]} {[%emt 00:00:38]} g5 {[%clk 01:31:52]} {[%emt 00:00:20]} 48.
Ne6 {[%clk 00:55:24]} {[%emt 00:00:37]} Re8 {[%clk 01:31:31]} {[%emt 00:00:52]}
49. Nc5 {[%clk 00:55:18]} {[%emt 00:00:35]} Ra2+ {[%clk 01:31:50]} {[%emt
00:00:12]} 50. Kg3 {[%clk 00:55:36]} {[%emt 00:00:10]} Kg6 {[%clk 01:32:09]}
{[%emt 00:00:13]} 51. Rd5 {[%emt 00:01:27]} h5 {[%clk 01:31:50]} 52. Rd6+
{[%clk 00:55:39]} {[%emt 00:00:19]} Kf5 {[%clk 01:32:15]} {[%emt 00:00:04]} 53.
Rd5+ {[%clk 00:55:59]} {[%emt 00:00:11]} Kf6 {[%clk 01:32:43]} {[%emt
00:00:02]} 54. Rd6+ {[%clk 00:56:19]} {[%emt 00:00:10]} Ke5 {[%clk 01:33:10]}
{[%emt 00:00:02]} 55. Rd3 {[%clk 00:56:16]} {[%emt 00:00:34]} Rc8 {[%clk
01:33:21]} {[%emt 00:00:19]} 56. Re3+ {[%clk 00:56:20]} {[%emt 00:00:25]} Kd4
{[%clk 01:33:45]} {[%emt 00:00:06]} 57. Re1 {[%clk 00:56:29]} {[%emt 00:00:21]}
Rxc5 {[%clk 01:34:08]} {[%emt 00:00:07]} 58. Re4+ {[%clk 00:56:51]} {[%emt
00:00:08]} Kd3 {[%clk 01:34:22]} {[%emt 00:00:15]} 59. Re7 {[%clk 00:56:52]}
{[%emt 00:00:30]} Ra1 {[%clk 01:34:21]} {[%emt 00:00:31]} 60. Rd7+ {[%clk
00:57:04]} {[%emt 00:00:18]} Kc3 {[%clk 01:34:46]} {[%emt 00:00:05]} 61. Re7
{[%clk 00:57:06]} {[%emt 00:00:28]} Rc4 {[%clk 01:35:08]} {[%emt 00:00:08]} 62.
Re3+ {[%clk 00:57:20]} {[%emt 00:01:34]} Kb4 {[%clk 01:33:10]} {[%emt
00:02:28]} 63. Re2 {[%clk 00:57:21]} {[%emt 00:00:29]} h4+ {[%clk 01:33:00]}
{[%emt 00:00:57]} 64. Kf2 {[%clk 00:58:05]} {[%emt 00:00:59]} Rh1 {[%clk
01:35:17]} {[%emt 00:00:13]} 65. Rb2+ {[%clk 00:58:19]} {[%emt 00:00:15]} Kc5
{[%clk 01:35:01]} {[%emt 00:00:46]} 66. Rb8 {[%emt 00:00:42]} Kd4 {[%clk
01:35:00]} {[%emt 00:00:01]} 67. Rd8+ {[%clk 00:58:57]} {[%emt 00:00:09]} Kc3
{[%clk 01:35:23]} {[%emt 00:00:07]} 68. Re8 {[%clk 00:59:07]} {[%emt 00:00:19]}
Rd4 {[%clk 01:35:19]} {[%emt 00:00:35]} 69. Rc8+ {[%clk 00:59:01]} {[%emt
00:00:37]} Kd2 {[%clk 01:35:31]} {[%emt 00:00:18]} 70. Kg2 {[%clk 00:58:55]}
{[%emt 00:00:36]} Re1 {[%clk 01:35:44]} {[%emt 00:00:17]} 71. Rb8 {[%clk
00:58:56]} {[%emt 00:00:29]} Re2 {[%clk 01:35:48]} {[%emt 00:00:25]} 72. Kh3
{[%clk 00:59:08]} {[%emt 00:00:14]} Ke3 {[%clk 01:35:48]} {[%emt 00:00:34]} 73.
Re8+ {[%clk 00:59:13]} {[%emt 00:00:25]} Kxf3 {[%clk 01:36:07]} {[%emt
00:00:11]} 74. Rf8+ {[%clk 00:59:32]} {[%emt 00:00:11]} Ke3 {[%clk 01:36:31]}
{[%emt 00:00:06]} 75. Re8+ {[%clk 00:59:51]} {[%emt 00:00:11]} Kd3 {[%clk
01:36:59]} {[%emt 00:00:02]} 76. Rg8 {[%clk 01:00:02]} {[%emt 00:00:19]} Re3
{[%clk 01:37:10]} {[%emt 00:00:19]} 77. Kh2 {[%clk 01:00:11]} {[%emt 00:00:21]}
g4 {[%clk 01:37:31]} {[%emt 00:00:10]} 0-1

[Event "ODJM C 2023"]
[Site "Willingen GER"]
[Date "2023.05.31"]
[Round "5"]
[White "Meyer, Henry Paul"]
[Black "Hendler, Maximilian"]
[Result "1-0"]
[Termination "normal"]
[Board "18"]
[WhiteElo "1337"]
[BlackElo "971"]
[WhiteClock "00:27:17"]
[BlackClock "00:52:27"]
[PlyCount "65"]
[WhiteFideId "34645802"]
[BlackFideId "34616500"]
[EventCountry "GER"]
[EventRounds "9"]
[EventType "swiss"]
[EventDate "2023.05.27"]

1. Nf3 {[%clk 01:30:55]} {[%emt 00:00:04]} Nf6 {[%clk 01:29:15]} {[%emt
00:01:46]} 2. d4 {[%clk 01:30:42]} {[%emt 00:00:42]} g6 {[%clk 01:28:06]}
{[%emt 00:01:40]} 3. c4 {[%clk 01:30:57]} {[%emt 00:00:14]} Bg7 {[%clk
01:27:46]} {[%emt 00:00:51]} 4. Nc3 {[%clk 01:30:59]} {[%emt 00:00:27]} O-O
{[%clk 01:27:04]} {[%emt 00:01:12]} 5. e4 {[%clk 01:31:09]} {[%emt 00:00:20]}
d6 {[%clk 01:26:57]} {[%emt 00:00:38]} 6. Be2 {[%clk 01:31:21]} {[%emt
00:00:17]} c5 {[%clk 01:23:45]} {[%emt 00:03:43]} 7. d5 {[%clk 01:30:57]}
{[%emt 00:00:54]} Nbd7 {[%clk 01:21:40]} {[%emt 00:02:36]} 8. h3 {[%clk
01:28:41]} {[%emt 00:02:45]} Nb6 {[%clk 01:19:38]} {[%emt 00:02:32]} 9. Be3
{[%clk 01:26:24]} {[%emt 00:02:47]} e6 {[%clk 01:18:31]} {[%emt 00:01:38]} 10.
Qd2 {[%clk 01:22:53]} {[%emt 00:03:55]} exd5 {[%clk 01:18:24]} {[%emt
00:00:42]} 11. cxd5 {[%clk 01:22:38]} {[%emt 00:00:45]} Re8 {[%clk 01:15:19]}
{[%emt 00:03:36]} 12. Bd3 {[%clk 01:19:18]} {[%emt 00:03:48]} Bd7 {[%clk
01:11:49]} {[%emt 00:04:01]} 13. O-O {[%clk 01:15:00]} {[%emt 00:04:49]} a6
{[%clk 01:05:15]} {[%emt 00:07:04]} 14. Bh6 {[%clk 01:10:34]} {[%emt 00:04:55]}
Bh8 {[%clk 01:04:16]} {[%emt 00:01:29]} 15. Rfe1 {[%clk 01:08:27]} {[%emt
00:02:37]} Qc7 {[%clk 01:01:40]} {[%emt 00:03:07]} 16. Re3 {[%clk 01:03:37]}
{[%emt 00:05:19]} Na4 {[%clk 00:59:59]} {[%emt 00:02:13]} 17. Rae1 {[%clk
00:52:03]} {[%emt 00:12:01]} Nxc3 {[%clk 00:58:47]} {[%emt 00:01:44]} 18. bxc3
{[%clk 00:51:29]} {[%emt 00:01:05]} Bb5 {[%clk 00:56:02]} {[%emt 00:03:15]} 19.
c4 {[%clk 00:49:55]} {[%emt 00:02:04]} Ba4 {[%clk 00:55:56]} {[%emt 00:00:36]}
20. Nh4 {[%clk 00:47:16]} {[%emt 00:03:07]} Nh5 {[%clk 00:55:01]} {[%emt
00:01:27]} 21. g4 {[%clk 00:45:43]} {[%emt 00:02:02]} Nf6 {[%clk 00:54:29]}
{[%emt 00:01:02]} 22. Rg3 {[%clk 00:37:33]} {[%emt 00:08:40]} Nd7 {[%clk
00:53:01]} {[%emt 00:01:59]} 23. f4 {[%clk 00:34:33]} {[%emt 00:03:30]} Bd4+
{[%clk 00:52:03]} {[%emt 00:01:29]} 24. Kg2 {[%clk 00:34:32]} {[%emt 00:00:30]}
Qb6 {[%clk 00:52:00]} {[%emt 00:00:34]} 25. Rb1 {[%clk 00:33:38]} {[%emt
00:01:24]} Qc7 {[%clk 00:52:04]} {[%emt 00:00:26]} 26. Nf3 {[%clk 00:32:30]}
{[%emt 00:01:38]} Bh8 {[%clk 00:52:03]} {[%emt 00:00:29]} 27. f5 {[%clk
00:31:30]} {[%emt 00:01:31]} Ne5 {[%clk 00:51:48]} {[%emt 00:00:45]} 28. fxg6
{[%clk 00:31:32]} {[%emt 00:00:28]} fxg6 {[%clk 00:51:44]} {[%emt 00:00:34]}
29. Ng5 {[%clk 00:29:27]} {[%emt 00:02:33]} Bg7 {[%clk 00:51:45]} {[%emt
00:00:30]} 30. Bxg7 {[%clk 00:28:47]} {[%emt 00:01:10]} Qxg7 {[%clk 00:52:01]}
{[%emt 00:00:14]} 31. Ne6 {[%clk 00:28:56]} {[%emt 00:00:21]} Qe7 {[%emt
00:01:41]} 32. Rf1 {[%clk 00:28:00]} Bd7 {[%clk 00:52:27]} {[%emt 00:00:19]}
33. Nc7 {[%clk 00:27:17]} {[%emt 00:01:58]} 1-0

[Event "ODJM C 2023"]
[Site "Willingen GER"]
[Date "2023.05.31"]
[Round "5"]
[White "Gold, Finnja"]
[Black "Krömer, Antonius"]
[Result "1-0"]
[Termination "normal"]
[Board "19"]
[WhiteElo "1103"]
[BlackElo "1353"]
[WhiteClock "00:56:32"]
[BlackClock "00:21:51"]
[PlyCount "83"]
[WhiteFideId "34660453"]
[BlackFideId "34660518"]
[EventCountry "GER"]
[EventRounds "9"]
[EventType "swiss"]
[EventDate "2023.05.27"]

1. e4 {[%clk 01:30:58]} {[%emt 00:00:01]} Nc6 {[%clk 01:30:44]} {[%emt
00:00:16]} 2. d4 {[%clk 01:31:08]} {[%emt 00:00:20]} d5 {[%clk 01:30:42]}
{[%emt 00:00:32]} 3. exd5 {[%clk 01:29:39]} {[%emt 00:01:58]} Qxd5 {[%clk
01:31:03]} {[%emt 00:00:09]} 4. Nf3 {[%clk 01:29:47]} {[%emt 00:00:23]} Bg4
{[%clk 01:29:47]} {[%emt 00:01:44]} 5. Be2 {[%clk 01:30:02]} {[%emt 00:00:15]}
O-O-O {[%clk 01:29:52]} {[%emt 00:00:25]} 6. Nc3 {[%clk 01:29:38]} {[%emt
00:00:54]} Qh5 {[%clk 01:28:26]} {[%emt 00:01:55]} 7. Be3 {[%clk 01:22:57]}
{[%emt 00:07:12]} Nf6 {[%clk 01:22:15]} {[%emt 00:06:40]} 8. Qd2 {[%clk
01:16:51]} {[%emt 00:06:37]} e5 {[%clk 01:14:32]} {[%emt 00:08:12]} 9. O-O-O
{[%clk 01:16:47]} {[%emt 00:00:34]} Bc5 {[%clk 01:07:08]} {[%emt 00:07:55]} 10.
d5 {[%clk 01:04:59]} {[%emt 00:12:18]} Bb4 {[%clk 00:57:56]} {[%emt 00:09:41]}
11. h3 {[%clk 00:55:38]} {[%emt 00:09:51]} Bxc3 {[%clk 00:42:39]} {[%emt
00:15:47]} 12. Qxc3 {[%clk 00:55:08]} {[%emt 00:01:00]} Ne4 {[%clk 00:42:18]}
{[%emt 00:00:51]} 13. Qe1 {[%clk 00:53:31]} {[%emt 00:02:07]} Bxf3 {[%clk
00:27:36]} {[%emt 00:15:12]} 14. Bxf3 {[%clk 00:53:42]} {[%emt 00:00:19]} Qg6
{[%clk 00:27:46]} {[%emt 00:00:20]} 15. dxc6 {[%clk 00:53:34]} {[%emt
00:00:39]} Rxd1+ {[%clk 00:27:49]} {[%emt 00:00:27]} 16. Qxd1 {[%clk 00:53:36]}
{[%emt 00:00:27]} Rd8 {[%clk 00:28:09]} {[%emt 00:00:09]} 17. cxb7+ {[%clk
00:53:58]} {[%emt 00:00:09]} Kxb7 {[%clk 00:27:58]} {[%emt 00:00:41]} 18. Qe2
{[%clk 00:52:41]} {[%emt 00:01:47]} Rd6 {[%clk 00:24:01]} {[%emt 00:04:26]} 19.
Bc5 {[%clk 00:51:44]} {[%emt 00:01:28]} Qg5+ {[%emt 00:02:40]} 20. Kb1 {[%emt
00:01:21]} c6 {[%clk 00:17:48]} {[%emt 00:02:42]} 21. Bxd6 {[%clk 00:51:29]}
{[%emt 00:00:45]} Nxd6 {[%clk 00:18:04]} {[%emt 00:00:13]} 22. Rd1 {[%clk
00:51:31]} {[%emt 00:00:29]} Kc7 {[%clk 00:18:01]} {[%emt 00:00:34]} 23. a3
{[%clk 00:51:05]} {[%emt 00:00:57]} e4 {[%clk 00:17:33]} {[%emt 00:00:57]} 24.
Bxe4 {[%clk 00:51:09]} {[%emt 00:00:26]} Nxe4 {[%clk 00:17:54]} {[%emt
00:00:09]} 25. Qxe4 {[%clk 00:51:30]} {[%emt 00:00:09]} g6 {[%clk 00:18:13]}
{[%emt 00:00:11]} 26. Qe3 {[%clk 00:51:21]} {[%emt 00:00:39]} Qxe3 {[%clk
00:18:17]} {[%emt 00:00:27]} 27. fxe3 {[%clk 00:51:43]} {[%emt 00:00:08]} f5
{[%clk 00:18:42]} {[%emt 00:00:05]} 28. h4 {[%clk 00:51:49]} {[%emt 00:00:25]}
h5 {[%clk 00:19:01]} {[%emt 00:00:10]} 29. g3 {[%clk 00:52:10]} {[%emt
00:00:09]} a6 {[%clk 00:19:16]} {[%emt 00:00:15]} 30. Re1 {[%clk 00:52:29]}
{[%emt 00:00:11]} Kd6 {[%clk 00:19:19]} {[%emt 00:00:26]} 31. e4 {[%clk
00:52:49]} {[%emt 00:00:10]} Ke5 {[%clk 00:19:38]} {[%emt 00:00:10]} 32. exf5+
{[%clk 00:53:07]} {[%emt 00:00:12]} Kxf5 {[%clk 00:19:59]} {[%emt 00:00:10]}
33. Re3 {[%clk 00:53:26]} {[%emt 00:00:11]} g5 {[%clk 00:19:57]} {[%emt
00:00:31]} 34. hxg5 {[%clk 00:53:45]} {[%emt 00:00:11]} Kxg5 {[%clk 00:20:21]}
{[%emt 00:00:06]} 35. b4 {[%clk 00:54:07]} {[%emt 00:00:08]} h4 {[%clk
00:20:36]} {[%emt 00:00:14]} 36. gxh4+ {[%clk 00:54:28]} {[%emt 00:00:09]} Kxh4
{[%clk 00:21:01]} {[%emt 00:00:06]} 37. c4 {[%clk 00:54:50]} {[%emt 00:00:09]}
Kg4 {[%clk 00:21:09]} {[%emt 00:00:22]} 38. a4 {[%clk 00:55:07]} {[%emt
00:00:14]} Kf4 {[%clk 00:21:32]} {[%emt 00:00:06]} 39. Re8 {[%clk 00:55:30]}
{[%emt 00:00:06]} Kf5 {[%clk 00:21:03]} {[%emt 00:01:00]} 40. b5 {[%clk
00:55:50]} {[%emt 00:00:10]} cxb5 {[%clk 00:21:27]} {[%emt 00:00:06]} 41. cxb5
{[%clk 00:56:07]} {[%emt 00:00:14]} axb5 {[%clk 00:21:51]} {[%emt 00:00:06]}
42. axb5 {[%clk 00:56:32]} {[%emt 00:00:05]} 1-0

[Event "ODJM C 2023"]
[Site "Willingen GER"]
[Date "2023.05.31"]
[Round "5"]
[White "Gyácsok, Dzvinka"]
[Black "Finck, Julius"]
[Result "1-0"]
[Termination "normal"]
[Board "21"]
[WhiteElo "1208"]
[BlackElo "1071"]
[WhiteClock "00:30:57"]
[BlackClock "00:00:39"]
[PlyCount "73"]
[WhiteFideId "16298292"]
[BlackFideId "34660429"]
[EventCountry "GER"]
[EventRounds "9"]
[EventType "swiss"]
[EventDate "2023.05.27"]

1. e4 {[%clk 01:30:57]} {[%emt 00:00:01]} e5 {[%clk 01:30:44]} {[%emt
00:00:12]} 2. Nf3 {[%clk 01:31:19]} {[%emt 00:00:12]} Nc6 {[%clk 01:28:30]}
{[%emt 00:02:44]} 3. Bc4 {[%clk 01:31:38]} {[%emt 00:00:11]} Bc5 {[%clk
01:28:40]} {[%emt 00:00:20]} 4. Nc3 {[%clk 01:31:29]} {[%emt 00:00:39]} d6
{[%clk 01:28:25]} {[%emt 00:00:42]} 5. h3 {[%clk 01:31:24]} {[%emt 00:00:37]}
Nf6 {[%clk 01:25:31]} {[%emt 00:03:24]} 6. d3 {[%clk 01:31:10]} {[%emt
00:00:45]} Be6 {[%clk 01:24:16]} {[%emt 00:01:45]} 7. Bb3 {[%clk 01:29:56]}
{[%emt 00:01:44]} Nd4 {[%clk 01:19:26]} {[%emt 00:05:20]} 8. Ba4+ {[%clk
01:28:13]} {[%emt 00:02:12]} c6 {[%clk 01:19:07]} {[%emt 00:00:49]} 9. Bg5
{[%clk 01:24:06]} {[%emt 00:04:37]} O-O {[%clk 01:18:08]} {[%emt 00:01:29]} 10.
O-O {[%clk 01:21:34]} {[%emt 00:03:02]} h6 {[%clk 01:11:26]} {[%emt 00:07:12]}
11. Bh4 {[%clk 01:21:10]} {[%emt 00:00:48]} b5 {[%clk 01:09:03]} {[%emt
00:02:58]} 12. Bb3 {[%clk 01:19:52]} {[%emt 00:01:50]} a5 {[%clk 01:05:59]}
{[%emt 00:03:26]} 13. a3 {[%clk 01:15:44]} {[%emt 00:04:47]} b4 {[%clk
01:05:37]} {[%emt 00:00:45]} 14. Na4 {[%clk 01:02:42]} {[%emt 00:13:38]} Rb8
{[%clk 01:01:22]} {[%emt 00:04:46]} 15. Nxc5 {[%clk 00:52:42]} {[%emt
00:10:30]} dxc5 {[%clk 01:01:18]} {[%emt 00:00:34]} 16. Nxe5 {[%clk 00:48:31]}
{[%emt 00:04:41]} bxa3 {[%clk 00:59:31]} {[%emt 00:02:16]} 17. Rxa3 {[%emt
00:12:39]} Qe7 {[%clk 00:46:45]} {[%emt 00:02:36]} 18. Bxe6 {[%clk 00:39:23]}
{[%emt 00:08:08]} fxe6 {[%clk 00:46:13]} {[%emt 00:00:59]} 19. Ng6 {[%clk
00:38:44]} {[%emt 00:01:12]} Qb7 {[%clk 00:42:13]} {[%emt 00:04:30]} 20. Nxf8
{[%clk 00:37:06]} {[%emt 00:02:08]} Rxf8 {[%clk 00:41:40]} {[%emt 00:01:04]}
21. Bxf6 {[%clk 00:31:05]} {[%emt 00:06:30]} Rxf6 {[%clk 00:41:24]} {[%emt
00:00:45]} 22. Rxa5 {[%clk 00:30:06]} {[%emt 00:01:30]} Qxb2 {[%clk 00:41:09]}
{[%emt 00:00:46]} 23. Rxc5 {[%clk 00:29:48]} {[%emt 00:00:48]} Qc1 {[%clk
00:40:29]} {[%emt 00:01:00]} 24. Qxc1 {[%clk 00:28:52]} {[%emt 00:01:35]} Ne2+
{[%clk 00:40:47]} {[%emt 00:00:12]} 25. Kh2 {[%clk 00:29:04]} {[%emt 00:00:16]}
Nxc1 {[%clk 00:41:07]} {[%emt 00:00:10]} 26. Rxc1 {[%clk 00:29:25]} {[%emt
00:00:11]} e5 {[%clk 00:40:58]} {[%emt 00:00:38]} 27. Rxe5 {[%clk 00:29:17]}
{[%emt 00:00:39]} Rxf2 {[%clk 00:41:04]} {[%emt 00:00:24]} 28. Re6 {[%clk
00:29:30]} {[%emt 00:00:16]} Kf7 {[%clk 00:33:48]} {[%emt 00:07:09]} 29. Rxc6
{[%clk 00:29:59]} Kg8 {[%clk 00:29:59]} {[%emt 00:04:52]} 30. c4 {[%clk
00:29:39]} {[%emt 00:00:54]} Rd2 {[%clk 00:15:00]} {[%emt 00:15:31]} 31. Rd6
{[%clk 00:29:40]} {[%emt 00:00:29]} h5 {[%clk 00:10:02]} {[%emt 00:05:24]} 32.
c5 {[%clk 00:30:08]} {[%emt 00:00:05]} h4 {[%clk 00:05:00]} {[%emt 00:05:28]}
33. c6 {[%clk 00:30:34]} {[%emt 00:00:08]} Kh7 {[%clk 00:02:34]} {[%emt
00:02:52]} 34. c7 {[%clk 00:30:57]} {[%emt 00:00:11]} Rf2 {[%clk 00:01:00]}
{[%emt 00:02:04]} 35. c8=Q {[%clk 00:31:10]} {[%emt 00:00:16]} Rf7 {[%clk
00:00:42]} {[%emt 00:00:48]} 36. Qe8 {[%clk 00:30:47]} {[%emt 00:00:52]} Rc7
{[%clk 00:00:39]} {[%emt 00:00:34]} 37. Qh5+ {[%clk 00:30:57]} {[%emt
00:00:19]} 1-0